000 00297nam a22001457a 4500
003 SGT
082 _a651.3,BRE
100 _aBREALLY,R.A
245 _aPRINCIPLES OF CORPORATE FINANCE
250 _a7TH
260 _aNEW DELHI
_bTMH
_c2003
300 _a1071
650 _aFINANCE
942 _2ddc
_cBK
999 _c9667
_d9667